| 000 | 04253cam a22007814i 4500 | ||
|---|---|---|---|
| 003 | PE-LiUPU | ||
| 005 | 20250731170455.0 | ||
| 008 | 150706s2008 mx a r 000 0 spa d | ||
| 020 | _a9707292806 | ||
| 020 |
_a9789707292802 _q(volumen II) |
||
| 035 | _a(Sirsi) i9789707292800 | ||
| 040 |
_aPE-LiUPU _bspa _cPE-LiUPU _erda |
||
| 041 | 1 |
_aspa _heng |
|
| 049 | _aPRUA | ||
| 082 | 0 | 4 |
_a155.4 _bS26 _221 |
| 100 | 1 |
_aSattler, Jerome M., _eautor. |
|
| 245 | 1 | 0 |
_aEvaluación infantil : _baplicaciones conductuales, sociales y clínicas / _cJerome M. Sttller y Robert D. Hoge. |
| 250 | _a5a ed. | ||
| 264 | 1 |
_aMéxico : _bEditorial El Manual Moderno, _c2008. |
|
| 300 |
_a882 páginas : _bilustraciones ; _c28 centímetros |
||
| 336 |
_atext _2rdacontent |
||
| 337 |
_aunmediated _2rdamedia |
||
| 338 |
_avolume _2rdacarrier |
||
| 504 | _aBibliografía: páginas 825-858. | ||
| 504 | _aÍndice: páginas 859-882. | ||
| 505 | 0 | _aObjetivos de una evaluación conductual y clínica -- Constructos estadísticos y psicométricos básicos -- La evaluación -- Niños cultural y lingüísticamente diversos -- Técnicas generales de entrevista -- Entrevistas con niños, padres, maestros y familias -- Otras consideraciones relacionadas con la entrevista -- Métodos observacionales: Parte I -- Empleo de los Métodos observacionales: Parte II.- Medidas generales del funcionamiento conductual, social y emocional, así como de las variables parentales y familiares -- Conducta adaptativa -- Percepción vasomotora y competencia motora -- Evaluación conductual funcional -- Trastornos de conducta antisocial, trastornos de ansiedad, trastornos depresivos, riesgo suicida u trastornos de abuso de sustancias -- Trastorno por déficit de atención con hiperactividad -- Discapacidades de aprendizaje específicas: antecedentes -- Discapacidades de aprendizaje específicas:_ evaluación e intervención -- Retraso mental -- Inteligencia superdotada -- Deterioros visuales.- Deterioros auditivos -- Trastorno autista -- Lesiones cerebrales: teoría y rehabilitación -- Lesiones cerebrales: evaluación -- Redacción de informes. | |
| 526 | _aSEG68 | ||
| 526 | _aSEG70 | ||
| 526 | _aSEG69 | ||
| 526 | _aSEG67 | ||
| 526 | _aSEG43 | ||
| 526 | _aP144 | ||
| 526 | _aP143 | ||
| 526 | _aP131 | ||
| 526 | _aP122 | ||
| 526 | _aP120 | ||
| 526 | _aP117 | ||
| 526 | _aP112 | ||
| 526 | _aP110 | ||
| 526 | _aP106 | ||
| 526 | _aP101 | ||
| 526 | _aP80 | ||
| 526 | _aP59 | ||
| 526 | _aP54 | ||
| 526 | _aP35 | ||
| 526 | _aP33 | ||
| 526 | _aP30 | ||
| 534 |
_aTítulo original : _tAssessment of children: Behavioral. |
||
| 541 | _g045-0004386; | ||
| 541 | _g045-0004386; | ||
| 541 | _gF002-00000796; | ||
| 650 | 0 | 4 |
_aNiños _xPruebas de inteligencia. |
| 650 | 0 | 4 | _aEvaluación de la conducta de niños. |
| 650 | 0 | 4 | _aEvaluación de la personalidad de niños. |
| 700 | 1 |
_aHoge, Robert D, _eautor. |
|
| 700 | 1 |
_aGaribay Bellono, Laura Delia, _etr. |
|
| 700 | 1 |
_aNúñez Herrejón, José Luis, _etr. |
|
| 910 |
_agl _bjv _cng _d20121214 |
||
| 910 |
_adbm _bsag _csag _d20190212 |
||
| 942 |
_2ddc _cBOOK |
||
| 949 |
_a155.4 S24 2 _wDEWEY _c1 _i66004 _lCCODEBUL1 _mBUL _p79.00 _r0 _sY _tBOOK _u2015-7-6 _xSALUD _PP33 _o.STAFF. Colección General |
||
| 949 |
_a155.4 S24 2 _wDEWEY _c2 _i66005 _lCCODEBUL1 _mBUL _p79.00 _r0 _sY _tBOOK _u2015-7-6 _xSALUD _PP33 _o.STAFF. Colección General |
||
| 994 |
_aC0 _bPEPRU |
||
| 596 | _a1 | ||
| 999 |
_a155.4 S24 2 _wDEWEY _c54369 _i66005 _d54369 _e2016-6-21 _f2021-11-3 _g5 _lCCODEBUL1 _mBUL _n3 _p79.00 _q1 _r0 _sY _tBOOK _u2015-7-6 _xSALUD _zP33 _0COMPRA _o.STAFF. Colección Ciencias de la Salud |
||
| 999 |
_a155.4 S24 2 _wDEWEY _c2 _i66004 _d2018-5-28 _e2018-5-22 _f2021-11-3 _g5 _lCCODEBUL1 _mBUL _n4 _p79.00 _q2 _r0 _sY _tBOOK _u2015-7-6 _xSALUD _zP33 _0COMPRA _o.STAFF. Colección Ciencias de la Salud |
||
| 999 |
_a155.4 S24 2 _wDEWEY _c3 _i79962 _d2019-4-2 _e2019-3-7 _f2021-11-3 _g3 _lCCODEBUL1 _mBUL _n1 _p112.16 _r0 _sY _tBOOK _u2019-2-12 _xSALUD _zP33 _0COMPRA _1FCOMPR2 _o.STAFF. Colección Ciencias de la Salud |
||
| 980 |
_81 _gALBERTO SANCHEZ Responsable de Automatización |
||